MyGZULibrary

Construction purchasing & supply chain management / (Record no. 5441)

MARC details
000 -LEADER
fixed length control field 01138cam a2200313 a 4500
001 - CONTROL NUMBER
control field 15820268
003 - CONTROL NUMBER IDENTIFIER
control field GZU
005 - DATE AND TIME OF LATEST TRANSACTION
control field 20210406153340.0
008 - FIXED-LENGTH DATA ELEMENTS--GENERAL INFORMATION
fixed length control field 090716s2010 nyua b 001 0 eng
010 ## - LIBRARY OF CONGRESS CONTROL NUMBER
LC control number 2009026661
020 ## - INTERNATIONAL STANDARD BOOK NUMBER
International Standard Book Number 9780071548854
035 ## - SYSTEM CONTROL NUMBER
System control number (OCoLC)ocn244060523
040 ## - CATALOGING SOURCE
Original cataloging agency DLC
Transcribing agency DLC
Modifying agency BTCTA
-- BAKER
-- YDXCP
-- C#P
-- BWX
-- CDX
-- DLC
050 00 - LIBRARY OF CONGRESS CALL NUMBER
Classification number TH438
Item number .BEN 2010
082 00 - DEWEY DECIMAL CLASSIFICATION NUMBER
Classification number 692
Edition number 22
100 1# - MAIN ENTRY--PERSONAL NAME
Personal name Benton, W. C.,
Dates associated with a name 1948-
245 10 - TITLE STATEMENT
Title Construction purchasing & supply chain management /
Statement of responsibility, etc. W.C. Benton, Jr., Linda F. McHenry.
246 3# - VARYING FORM OF TITLE
Title proper/short title Construction purchasing and supply chain management
260 ## - PUBLICATION, DISTRIBUTION, ETC.
Place of publication, distribution, etc. New York :
Name of publisher, distributor, etc. McGraw-Hill,
Date of publication, distribution, etc. c2010.
300 ## - PHYSICAL DESCRIPTION
Extent xiv, 242 p. :
Other physical details ill. ;
Dimensions 24 cm.
504 ## - BIBLIOGRAPHY, ETC. NOTE
Bibliography, etc. note Includes bibliographical references and index.
650 #0 - SUBJECT ADDED ENTRY--TOPICAL TERM
Topical term or geographic name entry element Building materials
General subdivision Purchasing.
650 #0 - SUBJECT ADDED ENTRY--TOPICAL TERM
Topical term or geographic name entry element Business logistics.
650 #0 - SUBJECT ADDED ENTRY--TOPICAL TERM
Topical term or geographic name entry element Building
General subdivision Superintendence.
700 1# - ADDED ENTRY--PERSONAL NAME
Personal name McHenry, Linda F.
906 ## - LOCAL DATA ELEMENT F, LDF (RLIN)
a 7
b cbc
c orignew
d 1
e ecip
f 20
g y-gencatlg
942 ## - ADDED ENTRY ELEMENTS (KOHA)
Source of classification or shelving scheme Library of Congress Classification
Koha item type Books
Classification part 438
Item part BEN
Call number prefix TH
Holdings
Withdrawn status Lost status Damaged status Not for loan Collection code Home library Current library Shelving location Date acquired Total Checkouts Full call number Barcode Date last seen Copy number Price effective from Koha item type
        Non-fiction City Campus Library City Campus Library General Stacks 04/06/2021   TH438BEN2010 G23395 04/06/2021 c.1 04/06/2021 Books